999 lời tục ngữ - ca dao Việt Nam về thực hành đạo đức : Sưu tầm - Tuyển chọn - Giải thích - Bình luận
Sách là một bộ sưu tập được tuyển chọn, giải thích, bình luận về phương pháp giảng dạy và học tập ca dao - tục ngữ về đạo đức. Sách gồm 4 phần. Phần 1: Giới thuyết về tên cuốn sách. Phần 2: Khái quát về đạo đức trong tục ngữ, ca dao...
Na minha lista:
| Autor principal: | |
|---|---|
| Formato: | Livro |
| Idioma: | Undetermined |
| Publicado em: |
Hà Nội
Khoa học - Xã hội
2015
|
| Assuntos: | |
| Tags: |
Adicionar Tag
Sem tags, seja o primeiro a adicionar uma tag!
|
| Thư viện lưu trữ: | Trung tâm Học liệu Trường Đại học Cần Thơ |
|---|
| LEADER | 01293nam a2200205Ia 4500 | ||
|---|---|---|---|
| 001 | CTU_209557 | ||
| 008 | 210402s9999 xx 000 0 und d | ||
| 082 | |a 398.99592 | ||
| 082 | |b D121 | ||
| 100 | |a Nguyễn, Nghĩa Dân | ||
| 245 | 0 | |a 999 lời tục ngữ - ca dao Việt Nam về thực hành đạo đức : | |
| 245 | 0 | |b Sưu tầm - Tuyển chọn - Giải thích - Bình luận | |
| 245 | 0 | |c Nguyễn Nghĩa Dân | |
| 260 | |a Hà Nội | ||
| 260 | |b Khoa học - Xã hội | ||
| 260 | |c 2015 | ||
| 520 | |a Sách là một bộ sưu tập được tuyển chọn, giải thích, bình luận về phương pháp giảng dạy và học tập ca dao - tục ngữ về đạo đức. Sách gồm 4 phần. Phần 1: Giới thuyết về tên cuốn sách. Phần 2: Khái quát về đạo đức trong tục ngữ, ca dao Việt Nam. Phần 3: 999 lời tục ngữ - ca dao Việt Nam về thực hành đạo đức. Phần 4: Bảng tra cứu theo hệ thống các hành vi đạo đức | ||
| 650 | |a Tục ngữ Việt Nam,Proverbs, Vietnamese | ||
| 904 | |i Châu Thiên Phúc,Hải | ||
| 980 | |a Trung tâm Học liệu Trường Đại học Cần Thơ | ||